Aysen letter of the new sea
Zapisane w:
| 1. autor: | |
|---|---|
| Format: | Książka |
| Język: | angielski |
| Wydane: |
Puerto Chacabuco
Pesquera Friosur
1988
|
| Hasła przedmiotowe: | |
| Etykiety: |
Dodaj etykietę
Nie ma etykietki, Dołącz pierwszą etykiete!
|
MARC
| LEADER | 00000nam a2200000 a 4500 | ||
|---|---|---|---|
| 001 | UCN9111 | ||
| 003 | CL-VaPUC | ||
| 008 | 011123e19880000CL |||||||||||||||||eng|d | ||
| 082 | 0 | 4 | |a 983.622 |b BAL |2 21 |
| 100 | 0 | |a Balcells Eyquem, Ignacio |e author |9 465542 | |
| 245 | 1 | 0 | |a Aysen letter of the new sea |
| 300 | |a 108 p | ||
| 942 | |c BK | ||
| 945 | |d 20011123 00:00:00 |a crobeson | ||
| 260 | |a Puerto Chacabuco |b Pesquera Friosur |c 1988 | ||
| 650 | 0 | |a Descripciones y viajes |9 262159 | |
| 651 | 0 | |a Aysén |9 265657 | |
| 583 | |a last modification |c 20011123 00:00:00 |k Rodrigo Vera | ||
| 999 | |c 298658 |d 298656 | ||
| 952 | |0 0 |1 0 |4 0 |6 983_622000000000000_BAL_1988 |7 0 |8 A |9 354423 |a BIBART |b BIBART |d 2019-11-21 |i 373126K |o 983.622 BAL 1988 |p 373126K |r 2025-03-13 |w 2019-11-21 |y BK |k ART | ||